| 000 | 00639nam a2200205 a 4500 | ||
|---|---|---|---|
| 001 | BRCA_625 | ||
| 005 | 20190320203103.0 | ||
| 008 | 181005s1955----it-a---###---#000-0#spa-d | ||
| 041 | _aspa | ||
| 044 | _ait | ||
| 050 | 4 |
_aDG800 _b.G47 1955 |
|
| 100 | 1 |
_aGessi, León _92122 |
|
| 245 | 1 | 0 |
_aLa Ciudad del Vaticano _cLeón Gessi. |
| 260 |
_aRoma, Italia _bIstituto Poligrafico dello Stato : La Libreria dello Stato _c1955 |
||
| 300 |
_a135 p. _bil. _c19 cm. |
||
| 500 | _aIncluye índice de materias de las cosas más notables | ||
| 610 | 2 | 4 |
_aCiudad del Vaticano _xHistoria _92123 |
| 650 | 1 | 4 |
_aIglesia católica _zItalia _92124 |
| 942 |
_2lcc _cB |
||
| 999 |
_c548 _d548 |
||